Principles of operations research : (Record no. 86)

MARC details
000 -LEADER
fixed length control field 00898nam a2200277 i 4500
001 - CONTROL NUMBER
control field 317621
003 - CONTROL NUMBER IDENTIFIER
control field OSt
005 - DATE AND TIME OF LATEST TRANSACTION
control field 20210206115303.0
008 - FIXED-LENGTH DATA ELEMENTS--GENERAL INFORMATION
fixed length control field 750407s1975 njua b 001 0 eng
010 ## - LIBRARY OF CONGRESS CONTROL NUMBER
LC control number 74029418
020 ## - INTERNATIONAL STANDARD BOOK NUMBER
International Standard Book Number 0137095929
020 ## - INTERNATIONAL STANDARD BOOK NUMBER
International Standard Book Number 8120301625
040 ## - CATALOGING SOURCE
Original cataloging agency DLC
Transcribing agency DLC
Modifying agency DLC
-- PHNSL
050 00 - LIBRARY OF CONGRESS CALL NUMBER
Classification number HD20.5
Item number .W34 1975
082 00 - DEWEY DECIMAL CLASSIFICATION NUMBER
Classification number 001.4/24
100 1# - MAIN ENTRY--PERSONAL NAME
Personal name Wagner, Harvey M.
245 10 - TITLE STATEMENT
Title Principles of operations research :
Remainder of title with applications to managerial decisions /
Statement of responsibility, etc. Harvey M. Wagner.
250 ## - EDITION STATEMENT
Edition statement 2nd ed.
260 ## - PUBLICATION, DISTRIBUTION, ETC.
Place of publication, distribution, etc. Englewood Cliffs, N.J., New Delhi, India :
Name of publisher, distributor, etc. Prentice-Hall,
Date of publication, distribution, etc. 2003.
300 ## - PHYSICAL DESCRIPTION
Extent xii, 1039 p. :
Other physical details ill. ;
Dimensions 25 cm.
500 ## - GENERAL NOTE
General note Includes indexes.
504 ## - BIBLIOGRAPHY, ETC. NOTE
Bibliography, etc. note Bibliography: p. 998-1026.
650 #0 - SUBJECT ADDED ENTRY--TOPICAL TERM
Topical term or geographic name entry element Operations research.
Form subdivision Research managerial aspect
General subdivision Research decisions aspect
906 ## - LOCAL DATA ELEMENT F, LDF (RLIN)
a 7
b cbc
c orignew
d 2
e ocip
f 19
g y-gencatlg
942 ## - ADDED ENTRY ELEMENTS (KOHA)
Source of classification or shelving scheme Library of Congress Classification
Koha item type Books
Holdings
Withdrawn status Lost status Source of classification or shelving scheme Damaged status Not for loan Home library Current library Shelving location Date acquired Full call number Barcode Date last seen Copy number Price effective from Koha item type Public note
    Library of Congress Classification     Public Health Nurses School Public Health Nurses School General Stacks 02/06/2021 T57.W12 01342 02/06/2021 c.1 02/06/2021 Books ekp 06/02/21
Copyright © 2025 PHNS Library. All Rights Reserved.